000 00540nam a2200217Ia 4500
003 OSt
005 20220926035114.0
006 a|||||r|||| 00| 0
007 ta
008 220923b |||||||| |||| 00| 0 eng d
037 _cGeneral Book
040 _aRTL
_cRTL
_beng
041 _2eng
_aeng
082 _aX:81, J6
100 _aDunsire A. Ed.
_9276973
245 0 _aMaking of an administrator
260 _c1956
650 _aTop Management
942 _hX:81, J6
_cGB
_2CC
999 _c661326
_d661326